Catherine Servan-Schreiber, Histoire d’une musique métisse à l’île Maurice. Chutney indien et séga Bollywood, Paris, Riveneuve, 2010, 404 p., bibl., discogr., index, gloss., ill., cartes (notice n° 1646439)
[ vue normale ]
| 000 -LEADER | |
|---|---|
| fixed length control field | 00600cam a2200145 4500500 |
| 005 - DATE AND TIME OF LATEST TRANSACTION | |
| control field | 20260208002442.0 |
| 041 ## - LANGUAGE CODE | |
| Language code of text/sound track or separate title | fre |
| 042 ## - AUTHENTICATION CODE | |
| Authentication code | dc |
| 100 10 - MAIN ENTRY--PERSONAL NAME | |
| Personal name | Masset, Claude |
| Relator term | author |
| 245 00 - TITLE STATEMENT | |
| Title | Catherine Servan-Schreiber, Histoire d’une musique métisse à l’île Maurice. Chutney indien et séga Bollywood, Paris, Riveneuve, 2010, 404 p., bibl., discogr., index, gloss., ill., cartes |
| 260 ## - PUBLICATION, DISTRIBUTION, ETC. | |
| Date of publication, distribution, etc. | 2011.<br/> |
| 500 ## - GENERAL NOTE | |
| General note | 57 |
| 786 0# - DATA SOURCE ENTRY | |
| Note | L'Homme | 200 | 4 | 2011-11-01 | p. 227n-268n | 0439-4216 |
| 856 41 - ELECTRONIC LOCATION AND ACCESS | |
| Uniform Resource Identifier | <a href="https://shs.cairn.info/revue-l-homme-2011-4-page-227n?lang=fr&redirect-ssocas=7080">https://shs.cairn.info/revue-l-homme-2011-4-page-227n?lang=fr&redirect-ssocas=7080</a> |
Pas d'exemplaire disponible.




Réseaux sociaux